Optical Measurement Techniques Innovations for Industry and the Life Sciences /

Devoted to novel optical measurement techniques that are applied both in industry and life sciences, this book contributes a fresh perspective on the development of modern optical sensors. These sensors are often essential in detecting and controlling parameters that are important for both industria...

Full description

Bibliographic Details
Corporate Author: SpringerLink (Online service)
Other Authors: Peiponen, Kai-Erik (Editor), Myllylä, Risto (Editor), Priezzhev, Alexander V. (Editor)
Format: Electronic eBook
Language:English
Published: Berlin, Heidelberg : Springer Berlin Heidelberg, 2009.
Series:Optical Sciences, 136
Subjects:
Online Access:Full Text via HEAL-Link
LEADER 02548nam a22005775i 4500
001 978-3-540-71927-4
003 DE-He213
005 20151204163004.0
007 cr nn 008mamaa
008 100301s2009 gw | s |||| 0|eng d
020 |a 9783540719274  |9 978-3-540-71927-4 
024 7 |a 10.1007/978-3-540-71927-4  |2 doi 
040 |d GrThAP 
050 4 |a QC350-467 
050 4 |a TA1501-1820 
050 4 |a QC392-449.5 
050 4 |a TA1750-1750.22 
072 7 |a TTB  |2 bicssc 
072 7 |a PHJ  |2 bicssc 
072 7 |a TEC030000  |2 bisacsh 
082 0 4 |a 621.36  |2 23 
245 1 0 |a Optical Measurement Techniques  |h [electronic resource] :  |b Innovations for Industry and the Life Sciences /  |c edited by Kai-Erik Peiponen, Risto Myllylä, Alexander V. Priezzhev. 
264 1 |a Berlin, Heidelberg :  |b Springer Berlin Heidelberg,  |c 2009. 
300 |a VIII, 158 p.  |b online resource. 
336 |a text  |b txt  |2 rdacontent 
337 |a computer  |b c  |2 rdamedia 
338 |a online resource  |b cr  |2 rdacarrier 
347 |a text file  |b PDF  |2 rda 
490 1 |a Optical Sciences,  |x 0342-4111 ;  |v 136 
505 0 |a Applied Optical Spectroscopy -- Machine Vision Systems -- Optical Inspection of Surface Roughness and Gloss -- Measurement of Positions, Distances, and Displacement -- Laser Velocimetry. 
520 |a Devoted to novel optical measurement techniques that are applied both in industry and life sciences, this book contributes a fresh perspective on the development of modern optical sensors. These sensors are often essential in detecting and controlling parameters that are important for both industrial and biomedical applications. The book provides easy access for beginners wishing to gain familiarity with the innovations of modern optics. 
650 0 |a Physics. 
650 0 |a Optics. 
650 0 |a Optoelectronics. 
650 0 |a Plasmons (Physics). 
650 0 |a Engineering. 
650 0 |a Nanotechnology. 
650 1 4 |a Physics. 
650 2 4 |a Optics, Optoelectronics, Plasmonics and Optical Devices. 
650 2 4 |a Engineering, general. 
650 2 4 |a Nanotechnology. 
700 1 |a Peiponen, Kai-Erik.  |e editor. 
700 1 |a Myllylä, Risto.  |e editor. 
700 1 |a Priezzhev, Alexander V.  |e editor. 
710 2 |a SpringerLink (Online service) 
773 0 |t Springer eBooks 
776 0 8 |i Printed edition:  |z 9783540719267 
830 0 |a Optical Sciences,  |x 0342-4111 ;  |v 136 
856 4 0 |u http://dx.doi.org/10.1007/978-3-540-71927-4  |z Full Text via HEAL-Link 
912 |a ZDB-2-PHA 
950 |a Physics and Astronomy (Springer-11651)